00718nam a22001697a 4500003000900000005001700009008004100026040001300067110002900080245003800109260002500147300004100172500011100213650005000324651005000374856012400424BR-ViAPE20260505114721.0260505m19641965por gs||||s000 0 por d cBR-ViAPE aEspírito SantobEstado aMensagem referente ao ano de 1965 a[s.l.]b[s.n.]c1965 a447 p.bDocumento digitalizado (PDF) aDocumento digitalizado do acervo institucional do Arquivo Público do Estado do Espírito Santo - APEES. aAdministração públicazEspírito Santo aEspírito SantoxAdministração pública uhttps://ape.es.gov.br/Media/ape/PDF/Mensagens/Mensagem-2024/mensagem%201965-1.pdfyCLIQUE AQUI PARA ACESSAR O DOCUMENTO